Món ăn các nước T.2 Các món bánh Á, Âu

Giới thiệu nguyên liệu và cách làm các món bánh Trung Hoa, Pháp và một số loại bánh dùng trong những lễ hội truyền thống của các nước Âu, Mỹ, các nước trong khối ASEAN

Wedi'i Gadw mewn:
Manylion Llyfryddiaeth
Prif Awdur: Nguyễn Thị Diệu Thảo
Fformat: Llyfr
Iaith:Vietnamese
Cyhoeddwyd: H. Đại học Sư phạm 2005
Pynciau:
Tagiau: Ychwanegu Tag
Dim Tagiau, Byddwch y cyntaf i dagio'r cofnod hwn!
Thư viện lưu trữ: Mạng thư viện Đại học Đà Nẵng
LEADER 01598nam a2200409 4500
001 000006671
003 2829
005 20110919090952.0
008 110916s2005 viesd
020 |c 0 
041 0 |a vie 
082 |a 641.59  |b NG-T 
100 0 |a Nguyễn Thị Diệu Thảo 
245 1 0 |a Món ăn các nước  |c Nguyễn Thị Diệu Thảo  |n T.2  |p Các món bánh Á, Âu 
260 |a H.  |b Đại học Sư phạm  |c 2005 
300 |a 199 tr.  |b hình vẽ  |c 24 cm. 
500 |a Đầu bìa sách ghi: Bộ Giáo dục và Đào tạo. Dự án Đào tạo giáo viên THCS 
504 |a Phụ lục: tr. 187-198. - Thư mục: tr. 199 
520 |a Giới thiệu nguyên liệu và cách làm các món bánh Trung Hoa, Pháp và một số loại bánh dùng trong những lễ hội truyền thống của các nước Âu, Mỹ, các nước trong khối ASEAN 
653 |a Nấu ăn 
653 |a Món ăn 
653 |a Châu Âu 
653 |a Châu Á 
653 |a Làm bánh 
653 |a Giáo trình 
773 |t Món ăn các nước  |w 2826 
910 |a Huỳnh Thị Cẩm Lai  |d 16/09/2011 
OWN |a LSP 
AVA |a UDN50  |b LSP  |d 641.59 NG-T  |e available  |t Error 5001 Not defined in file expand_doc_bib_avail.  |f 5  |g 0  |h N  |i 0  |k 1 
999 |a From the UDN01 
AVA |a UDN50  |b LSP  |d 641.59 NG-T  |e available  |t Error 5001 Not defined in file expand_doc_bib_avail.  |f 5  |g 0  |h N  |i 0  |k 1 
TYP |a Monograph 
TYP |a Printed language 
980 |a Mạng thư viện Đại học Đà Nẵng